भारत का पुनर्जन्म / (Record no. 62553)

MARC details
000 -LEADER
fixed length control field 00714nam a22001937a 4500
005 - DATE AND TIME OF LATEST TRANSACTION
control field 20120211124827.0
010 ## - LCCN (DPL NO)
LC control number
020 ## - INTERNATIONAL STANDARD BOOK NUMBER
Terms of availability
International Standard Book Number 8185137064
035 ## - SYSTEM CONTROL NUMBER
System control number A-776421
037 ## - SOURCE OF ACQUISITION
Source of stock number/acquisition
Stock number dpl
082 ## - DEWEY DECIMAL CLASSIFICATION NUMBER
Classification number 181.499
100 ## - MAIN ENTRY--PERSONAL NAME
Personal name अरविंद
245 1# - TITLE STATEMENT
Title भारत का पुनर्जन्म /
Statement of responsibility, etc अरविंद
260 ## - PUBLICATION, DISTRIBUTION, ETC. (IMPRINT)
Place of publication, distribution, etc मैसूर
Name of publisher, distributor, etc मीरा अदिति
Date of publication, distribution, etc 1993
270 ## - ADDRESS
Address
City
Postal code
Telephone number
300 ## - PHYSICAL DESCRIPTION
Extent 293पृ.
Dimensions 21सेमी (सजिल्द)
942 ## - ADDED ENTRY ELEMENTS (KOHA)
Institution code [OBSOLETE] dpl
Item type Hindi Books
Call number prefix
Source of classification or shelving scheme Dewey Decimal Classification
Classification part 181.499
Call number suffix अरविं
Holdings
Withdrawn status Lost status Not for loan Collection code Home library Current library Date acquired Full call number Barcode Koha item type
      Non-fiction Sarojini Nagar Sarojini Nagar 11/02/2012 181.499 अरविं A-776421 Hindi Books

© Delhi Public Library
Hit Counter
free hit counter